000 01182nam a22002057a 4500
999 _c59530
_d59530
003 Ge_BSU
005 20230309145405.0
008 230309s1997 ge ||||| |||| 00| 0 geo d
041 _ageo
080 _a321(44) : 342.5(44) კ-45
100 _aკვერენჩხილაძე, გიორგი
_95323
245 _aსაფრანგეთის სახელმწიფო სისტემა /
_cგიორგი კვერენჩხილაძე, ოთარ მელქაძე ; მსოფლიო პარლამენტარიზმის კვლევ. ცენტრი.
264 _aთბილისი :
_bუფლება,
_c1997.
300 _a160 გვ. ;
_b20 სმ.
490 _aპოლიტიკურ-სამართლებრივი ლიტერატურის სერია ;
_vწ. 5
653 _aსაფრანგეთის სახელმწიფო წყობილება
653 _aსაფრანგეთის სახელმწიფო მართვა.
700 _aმელქაძე, ოთარ
_eავტორი
_917153
942 _2udc
_cBK